000 00217 a2200097 4500
001 26295
100 _aGarner
245 _aPinpoint transistor troubles 1212 minutes
260 _a
_bTab book
_c
090 _c17733
_d17733
942 _aNUST-CAE
_cM
_c8595
999 _c261368
_d261368